| 000 | 00388nam a2200145Ia 4500 | ||
|---|---|---|---|
| 008 | 150201s2006 xx 000 0 und d | ||
| 082 |
_a617.692 _bS2006R |
||
| 100 | _aROBERSON | ||
| 245 | _aSTURDEVANTS ART & SCIENCE OF OPERATIVE DENTISTRY | ||
| 250 | _a5TH | ||
| 260 |
_bMOSBY _aDELHI _c2006 |
||
| 300 | _a1-1006 | ||
| 650 | _aCONSERVATIVE DENTISTRY & ENDODONTICS | ||
| 942 |
_2ddc _cBK _0125 |
||
| 999 |
_c3574 _d3574 |
||